| 000 | 00372nam a22001457a 4500 | ||
|---|---|---|---|
| 003 | OSt | ||
| 005 | 20211231103841.0 | ||
| 008 | 211231b |||||||| |||| 00| 0 eng d | ||
| 040 | _cHU | ||
| 050 | _a005.3 | ||
| 082 | _a005.3 | ||
| 100 |
_aCheesman John _926579 |
||
| 245 |
_aUML Components _bA Simple Process for Secifying Components-Based Software |
||
| 942 |
_2ddc _cBOOKS _n0 |
||
| 999 |
_c25496 _d25496 |
||